[Event "GER-ch Net blitz sf"]
[Site "Playchess.com INT"]
[Date "2021.06.05"]
[Round "1"]
[White "Koepke, Christian"]
[Black "Pauly, Markus"]
[Result "1-0"]
[WhiteElo "2186"]
[BlackElo "1996"]
[PlyCount "53"]
[EventDate "2021.06.05"]
[EventType "swiss (blitz)"]
[EventRounds "13"]
[EventCountry "GER"]
[SourceTitle "EXT 2023"]
[Source "ChessBase"]
[SourceDate "2022.10.05"]
[SourceVersion "1"]
[SourceVersionDate "2022.10.05"]
[SourceQuality "1"]

1. e4 c5 2. d3 a6 3. f4 b5 4. Nf3 Bb7 5. Be2 e6 6. 0-0 Nf6 7. c3 d6 8. Kh1 Be7 9. Be3 0-0 10. Nbd2 Nbd7 11. Qe1 Ne8 12. Qg3 g6 13. f5 Bf6 14. fxe6 fxe6 15. Qh3 Qe7 16. Bh6 Ng7 17. Bd1 Rae8 18. Bb3 Kh8 19. Qg4 a5 20. a4 b4 21. Rac1 Ba6 22. Bc4 Bxc4 23. Nxc4 Qd8 24. Nxd6 Ne5 25. Nxe5 Qxd6 26. Nc4 Qd4 27. cxd4 1-0

[Event "GER-ch Net blitz qual3"]
[Site "Playchess.com INT"]
[Date "2021.05.07"]
[Round "5"]
[White "Cofman, Veaceslav"]
[Black "Pauly, Markus"]
[Result "1-0"]
[WhiteElo "2220"]
[BlackElo "1921"]
[PlyCount "123"]
[EventDate "2021.05.07"]
[EventType "swiss (blitz)"]
[EventRounds "11"]
[EventCountry "GER"]
[SourceTitle "CBM 202 Extra"]
[Source "ChessBase"]
[SourceDate "2021.07.31"]
[SourceVersion "1"]
[SourceVersionDate "2021.07.31"]
[SourceQuality "1"]

1. d4 g6 2. e4 Bg7 3. Nc3 d6 4. Nf3 Nd7 5. Bc4 e6 6. h4 h6 7. Be3 a6 8. a4 b6 9. Qd2 Bb7 10. Rd1 Ne7 11. g4 Nf6 12. Rg1 Nxe4 13. Nxe4 Bxe4 14. Be2 Qd7 15. b3 Bb7 16. c4 0-0-0 17. Qc2 c5 18. dxc5 bxc5 19. Bxc5 Qc7 20. Be3 Nc6 21. Qd2 a5 22. Nd4 Nxd4 23. Bxd4 Bxd4 24. Qxd4 Qc5 25. Qb2 g5 26. h5 f5 27. Rg3 f4 28. Rgd3 e5 29. Kf1 e4 30. Rxd6 f3 31. Rxd8+ Rxd8 32. Rxd8+ Kxd8 33. Qd2+ Kc7 34. Bd1 Bc8 35. Bc2 Qe5 36. Qe3 Qa1+ 37. Qe1 Qxe1+ 38. Kxe1 Bxg4 39. Bxe4 Bxh5 40. Kd2 Kd6 41. Ke3 g4 42. Kf4 Kc5 43. Bf5 Kb4 44. Bxg4 Be8 45. Bxf3 Kxb3 46. c5 Kxa4 47. c6 Kb5 48. c7 Bd7 49. Bg4 Kb6 50. Bxd7 Kxc7 51. Ba4 Kd6 52. Kf5 Kd5 53. f4 Kc4 54. Kg6 Kb4 55. Bd1 Kc3 56. f5 Kd2 57. Ba4 h5 58. Kxh5 Kc3 59. f6 Kb4 60. Bd1 a4 61. Bxa4 Kxa4 62. f7 1-0

[Event "GER-ch Net blitz qual3"]
[Site "Playchess.com INT"]
[Date "2021.05.07"]
[Round "10"]
[White "Kuerschner, Matthias"]
[Black "Pauly, Markus"]
[Result "0-1"]
[WhiteElo "2106"]
[BlackElo "1921"]
[PlyCount "94"]
[EventDate "2021.05.07"]
[EventType "swiss (blitz)"]
[EventRounds "11"]
[EventCountry "GER"]
[SourceTitle "CBM 202 Extra"]
[Source "ChessBase"]
[SourceDate "2021.07.31"]
[SourceVersion "1"]
[SourceVersionDate "2021.07.31"]
[SourceQuality "1"]

1. e4 g6 2. c4 Bg7 3. Nc3 d6 4. d3 Nd7 5. g3 Nh6 6. Bg2 f6 7. f4 Nf7 8. Nf3 e5 9. 0-0 0-0 10. Be3 Qe7 11. Qd2 c6 12. b4 f5 13. Rae1 exf4 14. gxf4 fxe4 15. dxe4 Nf6 16. Bd4 a5 17. a3 axb4 18. axb4 Nh5 19. e5 dxe5 20. Bc5 Qd8 21. Bxf8 Qxd2 22. Nxd2 Bxf8 23. fxe5 Bxb4 24. Ndb1 Be6 25. Re4 Bf5 26. Re3 Re8 27. Rfe1 Kg7 28. e6 Nd6 29. Kh1 Nf4 30. Be4 Nxe4 31. Rxe4 Bxe4+ 32. Rxe4 g5 33. h4 h6 34. hxg5 hxg5 35. Re5 Kf6 36. Re3 Rxe6 37. Rxe6+ Kxe6 38. Ne4 Kf5 39. Nf2 g4 40. Kh2 Be1 41. Nd1 g3+ 42. Kg1 Kg4 43. Nbc3 Bxc3 44. Nxc3 Kf3 45. Na4 Ne2+ 46. Kf1 g2+ 47. Ke1 g1Q+ 0-1

[Event "GER-ch Net blitz qual3"]
[Site "Playchess.com INT"]
[Date "2021.05.07"]
[Round "6"]
[White "Pauly, Markus"]
[Black "Juergens, Florian"]
[Result "1-0"]
[WhiteElo "1921"]
[BlackElo "1787"]
[PlyCount "75"]
[EventDate "2021.05.07"]
[EventType "swiss (blitz)"]
[EventRounds "11"]
[EventCountry "GER"]
[SourceTitle "CBM 202 Extra"]
[Source "ChessBase"]
[SourceDate "2021.07.31"]
[SourceVersion "1"]
[SourceVersionDate "2021.07.31"]
[SourceQuality "1"]

1. d4 d5 2. Nf3 Nf6 3. Bf4 e6 4. e3 c5 5. c3 Nc6 6. Nbd2 Nh5 7. Bg5 f6 8. Bh4 g6 9. Bd3 Be7 10. 0-0 c4 11. Bc2 Ng7 12. e4 0-0 13. Bg3 f5 14. exd5 exd5 15. Be5 Bd6 16. Re1 Be6 17. Bxg7 Kxg7 18. Rxe6 Qd7 19. Re1 Rf7 20. Ba4 Rc8 21. Ne5 Bxe5 22. Rxe5 a6 23. Bxc6 Rxc6 24. f4 b5 25. Qe2 a5 26. Re1 Rcf6 27. Re7 Qd6 28. Rxf7+ Kxf7 29. Qe8+ Kg7 30. Qe7+ Kh6 31. Qxd6 Rxd6 32. a3 g5 33. g3 gxf4 34. gxf4 Kh5 35. Kg2 Kg4 36. Rf1 h5 37. h3+ Kh4 38. Nf3# 1-0

[Event "GER-ch Net blitz qual2"]
[Site "Playchess.com INT"]
[Date "2021.05.04"]
[Round "6"]
[White "Lenze, Thomas"]
[Black "Pauly, Markus"]
[Result "1/2-1/2"]
[WhiteElo "1569"]
[BlackElo "1877"]
[PlyCount "155"]
[EventDate "2021.05.04"]
[EventType "swiss (blitz)"]
[EventRounds "11"]
[EventCountry "GER"]
[SourceTitle "CBM 202 Extra"]
[Source "ChessBase"]
[SourceDate "2021.07.31"]
[SourceVersion "1"]
[SourceVersionDate "2021.07.31"]
[SourceQuality "1"]

1. e4 c5 2. Nc3 a6 3. Nf3 b5 4. d3 Bb7 5. Be2 e6 6. 0-0 Nf6 7. Bg5 Be7 8. h3 d6 9. Qd2 Nbd7 10. Rfe1 Qc7 11. a3 0-0 12. Rad1 Ne5 13. Nxe5 dxe5 14. Bf3 Rad8 15. Qe2 Rd7 16. Bh4 Rc8 17. Bg3 Ne8 18. Rc1 Bd6 19. Nd1 Qb6 20. Ne3 Bb8 21. Ng4 f6 22. Ne3 Nd6 23. Bg4 Nf7 24. Bf3 Ng5 25. Bg4 g6 26. Bh4 h5 27. Bf3 Nh7 28. Bg3 f5 29. exf5 exf5 30. Bxb7 Qxb7 31. Nf1 f4 32. Bh2 Re8 33. Nd2 Rf7 34. Ne4 Qc6 35. Qf3 Kg7 36. Nd2 Qxf3 37. Nxf3 g5 38. Nd2 g4 39. hxg4 hxg4 40. Ne4 Ba7 41. Kf1 Nf6 42. Nd6 Rh8 43. Nxf7 Kxf7 44. Bg1 Rh1 45. Rxe5 f3 46. g3 c4 47. Rce1 Bc5 48. Rxc5 Rh6 49. Rc6 Kg6 50. Ree6 Kf5 51. Rxa6 cxd3 52. cxd3 Rg6 53. Rxf6+ Rxf6 54. Rxf6+ Kxf6 55. Ke1 Ke5 56. Kd2 Kd4 57. Kc2 Kc5 58. Kc3 Kd5 59. Kb4 Kd4 60. Kxb5 Kxd3 61. a4 Ke2 62. a5 Kf1 63. a6 Kxg1 64. a7 Kxf2 65. a8Q Kg1 66. Qa7+ f2 67. Kc4 Kg2 68. Qb7+ Kg1 69. Qb6 Kg2 70. Qc6+ Kg1 71. Qc5 Kg2 72. Qd5+ Kg1 73. Qd4 Kg2 74. Qe4+ Kg1 75. Qe3 Kg2 76. Qe4+ Kg1 77. Qe3 Kg2 78. Qe4+ 1/2-1/2

[Event "GER-ch Net blitz qual2"]
[Site "Playchess.com INT"]
[Date "2021.05.04"]
[Round "4"]
[White "Pauly, Markus"]
[Black "Schulz, Karsten"]
[Result "0-1"]
[WhiteElo "1877"]
[BlackElo "2262"]
[PlyCount "54"]
[EventDate "2021.05.04"]
[EventType "swiss (blitz)"]
[EventRounds "11"]
[EventCountry "GER"]
[SourceTitle "CBM 202 Extra"]
[Source "ChessBase"]
[SourceDate "2021.07.31"]
[SourceVersion "1"]
[SourceVersionDate "2021.07.31"]
[SourceQuality "1"]

1. d4 g6 2. Nf3 Bg7 3. Bf4 d6 4. h3 Nf6 5. e3 0-0 6. Be2 c5 7. 0-0 cxd4 8. exd4 Nc6 9. c3 Nd5 10. Bh2 e5 11. dxe5 dxe5 12. Nbd2 f6 13. Ne4 Nc7 14. Qb3+ Kh8 15. Rad1 Qe7 16. Nd6 Rb8 17. Nxc8 Rfxc8 18. Nd2 Ne6 19. Ne4 Rd8 20. Bc4 Na5 21. Qb4 Qxb4 22. cxb4 Nxc4 23. b3 Na3 24. Nd6 Kg8 25. Rd5 Bf8 26. Rfd1 Nc2 27. b5 Ncd4 0-1

[Event "Wiesbaden op 31st"]
[Site "Wiesbaden"]
[Date "2019.08.23"]
[Round "2"]
[White "Pauly, Markus"]
[Black "Baumgarten, Fred"]
[Result "1-0"]
[WhiteElo "1846"]
[BlackElo "1694"]
[PlyCount "53"]
[EventDate "2019.08.22"]
[EventType "swiss"]
[EventRounds "7"]
[EventCountry "GER"]
[SourceTitle "EXT 2020"]
[Source "ChessBase"]
[SourceDate "2019.10.17"]
[SourceVersion "1"]
[SourceVersionDate "2019.10.17"]
[SourceQuality "1"]

1. c4 Nf6 2. Nc3 g6 3. g3 Bg7 4. Bg2 0-0 5. d3 c6 6. e4 d6 7. Nge2 Ne8 8. 0-0 e5 9. Be3 f5 10. Qd2 Rf7 11. d4 Qc7 12. Rac1 a6 13. f4 fxe4 14. Nxe4 Bf5 15. fxe5 dxe5 16. d5 Rd7 17. N2c3 Qa5 18. Nc5 Rf7 19. a3 Nd6 20. Qe2 Qd8 21. Rcd1 Qe8 22. N3e4 Bf8 23. Ng5 Re7 24. Nge6 b6 25. Nxf8 bxc5 26. Bxc5 Qd8 27. dxc6 1-0

[Event "Frankfurt-ch"]
[Site "Frankfurt"]
[Date "2009.05.11"]
[Round "3"]
[White "Schramm, Christian"]
[Black "Pauly, Markus"]
[Result "1-0"]
[WhiteElo "2307"]
[BlackElo "1883"]
[PlyCount "51"]
[EventDate "2009.04.27"]
[EventType "tourn"]
[EventRounds "7"]
[EventCountry "GER"]
[SourceTitle "EXT 2010"]
[Source "ChessBase"]
[SourceDate "2010.11.25"]
[SourceVersion "1"]
[SourceVersionDate "2010.11.25"]
[SourceQuality "1"]

1. e4 c5 2. Nf3 a6 3. Nc3 b5 4. d4 cxd4 5. Qxd4 Nc6 6. Qe3 e6 7. Bd3 Bb4 8. Bd2 Nf6 9. 0-0 0-0 10. e5 Bxc3 11. Bxc3 Nd5 12. Qe4 g6 13. Bd2 f5 14. exf6 Qxf6 15. Bh6 Re8 16. c3 Bb7 17. Rfe1 Nde7 18. Bg5 Qg7 19. Qh4 Nf5 20. Qh3 Rac8 21. Rad1 Nd8 22. Bxf5 gxf5 23. Bh6 Qe7 24. Qg3+ Kh8 25. Bg5 Qg7 26. Rxd7 1-0